| 000 | 01214nam a22002537a 4500 | ||
|---|---|---|---|
| 005 | 20110214110156.0 | ||
| 008 | 090211t xxu||||| |||| 00| 0 hin d | ||
| 010 | _aHIN-91875 | ||
| 020 |
_c400.00 _a8121405394 |
||
| 035 | _aHN-64221 | ||
| 037 | _bDBAD / PUB | ||
| 040 |
_aDPL _bHN |
||
| 082 | _a230.1 | ||
| 100 |
_aविद्या विन्दु सिंह _925892 |
||
| 245 |
_aसीता सुरूजवा क ज्योतिः _cविद्या विन्दु सिंह _bअवधी लोक साहित्य में सीता-राम कथा / |
||
| 260 |
_aनई दिल्ली _bनेशनल पब्लिशिंग हाउस _c2008 |
||
| 270 |
_a2/35, अंसारी रोड, दरियागंज _bनई दिल्ली _e110002 |
||
| 300 |
_aiv,172पृ. _c25सेमी (सजिल्द) |
||
| 650 | _91169 | ||
| 650 | _925893 | ||
| 700 |
_a _925894 |
||
| 942 |
_2ddc _cHN _h230.1 _mविद्यावि |
||
| 999 |
_c50534 _d50534 |
||